[Event "Let's Play Chess!"]
[Site "http://www.queenalice.com/game.php?id=1813698"]
[Date "2023.6.12"]
[Round "-"]
[White "IsaqueFull"]
[Black "bobifixer"]
[Result "0-1"]
[WhiteElo "1325"]
[BlackElo "2041"]

1. e4 c5 2. Bc4 e6 3. Nf3 d5 4. Bb5+ Bd7 5. Bxd7+ Nxd7 6. d4 cxd4 7. exd5 exd5
8. Nxd4 Ngf6 9. O-O g6 10. Bg5 Be7 11. Re1 Kf8 12. Bh6+ Kg8 13. Re2 Bf8 14. Bxf8
Qxf8 15. c4 dxc4 16. h4 h5 17. Nc3 a6 18. Qd2 Kg7 19. Ne4 Nxe4 20. Rxe4 Nc5 21.
Re5 Rd8 22. Qc3 b5 23. Nc6 Rd3 24. Qd4 Rxd4 25. Rxc5 Qxc5 0-1

[Event "Let's Play Chess!"]
[Site "http://www.queenalice.com/game.php?id=1813760"]
[Date "2023.6.12"]
[Round "-"]
[White "newgame"]
[Black "IsaqueFull"]
[Result "0-1"]
[WhiteElo "1409"]
[BlackElo "1100"]

1. e4 e5 2. Nf3 Nc6 3. Bb5 Bc5 4. O-O Nd4 5. c3 Nxf3+ 6. Qxf3 Nf6 7. b4 a6 8.
Bc4 Bb6 9. d3 d5 10. exd5 e4 11. dxe4 Bg4 12. Qg3 Qd7 13. Nd2 Nh5 14. Qe3 Bxe3
15. fxe3 b5 16. Bb3 O-O 17. e5 Be2 18. Re1 Qg4 19. Bd1 Bxd1 20. h3 Qg3 21. Rxd1
f5 22. Nf3 f4 23. e4 Rae8 24. e6 Rf6 25. Rd3 Rg6 26. Ne5 Qxg2# 0-1

[Event "Challenge"]
[Site "http://www.queenalice.com/game.php?id=1815030"]
[Date "2023.6.27"]
[Round "-"]
[White "Scar"]
[Black "IsaqueFull"]
[Result "1-0"]
[WhiteElo "1721"]
[BlackElo "1100"]

1. e4 e5 2. Nf3 Nc6 3. d4 Nf6 4. Nc3 Qe7 5. d5 Nb4 6. a3 Na6 7. Bxa6 bxa6 8. Be3
g6 9. b4 Ng4 10. Bg5 f6 11. Bh4 Bh6 12. h3 Ne3 13. fxe3 a5 14. Qe2 axb4 15. axb4
Qxb4 16. Qd2 Rf8 17. O-O Qc5 18. Bf2 f5 19. Rfb1 f4 20. exf4 Qe7 21. g3 exf4 22.
g4 Bg7 23. Rxa7 Rxa7 24. Bxa7 Bxc3 25. Qd3 Be5 26. g5 c6 27. dxc6 dxc6 28. Bb6
Bc7 29. Qd4 Bxb6 30. Rxb6 Bd7 31. Rb7 c5 32. Rb8+ Kf7 33. Ne5+ Kg8 34. Rxf8+
Qxf8 35. Qxd7 c4 36. Qd5+ Kg7 37. h4 f3 38. Kf2 h6 39. Qd7+ Kh8 40. Nxg6+ Kg8
41. Nxf8 1-0

[Event "Let's Play Chess!"]
[Site "http://www.queenalice.com/game.php?id=1815430"]
[Date "2023.7.4"]
[Round "-"]
[White "Scar"]
[Black "IsaqueFull"]
[Result "1-0"]
[WhiteElo "1692"]
[BlackElo "1336"]

1. e4 e5 2. Nf3 f6 3. d4 d5 4. dxe5 dxe4 5. Qxd8+ Kxd8 6. Nfd2 Bf5 7. exf6 gxf6
8. Nc3 Bb4 9. Be2 Nc6 10. a3 Bxc3 11. bxc3 Nh6 12. h3 Rg8 13. g4 Bg6 14. f4 f5
15. Rg1 Re8 16. g5 e3 17. Nf1 Nf7 18. Nxe3 Nd6 19. h4 Ne4 20. c4 Nc3 21. Rg3 Nd4
22. Bd3 Bh5 23. Bd2 Nf3+ 24. Rxf3 Bxf3 25. Bxc3 Rxe3+ 26. Kf2 Rxd3 27. cxd3 Bc6
28. h5 Kd7 29. h6 Rg8 30. Bg7 Ke7 31. Re1+ Kf7 32. d4 b5 33. c5 a5 34. Re5 Bd7
35. Bf6 Re8 36. Ke3 b4 37. axb4 a4 38. Kd3 a3 39. Kc2 Ra8 40. Re1 a2 41. Ra1
Ba4+ 42. Kc3 Bb5 43. d5 Ra3+ 44. Kb2 Ra4 45. Kb3 c6 46. d6 Ra7 47. Rxa2 Bc4+ 48.
Kxc4 Rxa2 49. Be5 Ke6 50. Kb3 Re2 51. Ka4 Kd5 52. Ka5 Ra2+ 53. Kb6 Rb2 54. d7
Rxb4+ 55. Kc7 1-0

[Event "Challenge"]
[Site "http://www.queenalice.com/game.php?id=1817547"]
[Date "2023.7.30"]
[Round "-"]
[White "Scar"]
[Black "IsaqueFull"]
[Result "1-0"]
[WhiteElo "1771"]
[BlackElo "1268"]

1. e4 e6 2. d4 d5 3. e5 Nc6 4. Be3 Bb4+ 5. c3 Ba5 6. a4 f6 7. b4 fxe5 8. bxa5 e4
9. f3 Nf6 10. f4 e5 11. dxe5 Ng4 12. Qe2 Bf5 13. h3 Nxe3 14. Qxe3 d4 15. cxd4
Nxd4 16. Na3 Qh4+ 17. g3 Qd8 18. Ne2 c5 19. O-O-O O-O 20. Nxd4 cxd4 21. Rxd4 Qe7
22. Kd2 Rad8 23. Nc2 h6 24. g4 Rxd4+ 25. Nxd4 Qb4+ 26. Ke2 Qb2+ 27. Ke1 Rd8 28.
Qb3+ Qxb3 29. Nxb3 Be6 30. Nc5 Bf7 31. Nxe4 Rd4 32. Nd6 Bd5 33. Rh2 Kf8 34. Rd2
1-0

[Event "Challenge"]
[Site "http://www.queenalice.com/game.php?id=1817548"]
[Date "2023.7.30"]
[Round "-"]
[White "IsaqueFull"]
[Black "Scar"]
[Result "1-0"]
[WhiteElo "1349"]
[BlackElo "1789"]

1. e4 e5 2. Nf3 d6 3. d4 f6 4. d5 Ne7 5. Bb5+ c6 6. dxc6 Nbxc6 7. O-O a6 8. Ba4
b5 9. Bb3 a5 10. Bd5 Nxd5 11. exd5 Ne7 12. Qd3 Ba6 13. Re1 b4 14. Qb3 Qc8 15.
Qa4+ Kf7 16. Qxa5 Qxc2 17. Qxb4 Nxd5 18. Qa5 Bb7 19. Qb5 Qc8 20. Nc3 Nxc3 21.
bxc3 Be7 22. Qb3+ Qe6 23. Qxb7 Rhb8 24. Qc7 Qd5 25. Be3 Rb7 26. c4 Qxf3 27.
Qxe7+ Kxe7 28. gxf3 f5 29. Bg5+ Kf7 30. Red1 Ke6 31. f4 e4 32. Rd2 Rab8 33. Rdd1
Rb2 34. a4 R2b4 35. a5 Rxc4 36. Rdb1 Rxb1+ 37. Rxb1 Ra4 38. Rb5 d5 39. Rb6+ Kd7
40. a6 Kc7 41. Rb7+ Kc8 42. Rb6 Ra1+ 43. Kg2 d4 44. Rc6+ Kb8 45. Be7 d3 46. Bd6+
Ka7 47. Bc5+ Kb8 48. a7+ Rxa7 49. Bxa7+ Kxa7 50. Rc7+ Kb6 51. Rf7 d2 52. Rd7 h6
53. Rxd2 Kc5 54. Kg3 g6 55. h4 h5 56. Rc2+ Kd4 57. Rc6 Kd3 58. Rxg6 e3 59. fxe3
Kxe3 60. Rf6 Ke4 61. Rh6 1-0

[Event "Challenge"]
[Site "http://www.queenalice.com/game.php?id=1817690"]
[Date "2023.7.31"]
[Round "-"]
[White "AdilsonGomes"]
[Black "IsaqueFull"]
[Result "0-1"]
[WhiteElo "1625"]
[BlackElo "1264"]

1. d4 d5 2. Bf4 Nc6 3. Nf3 Bf5 4. c3 g6 5. e3 Nf6 6. Bd3 e6 7. Nbd2 Bxd3 8. Ne5
Bf5 9. Ndf3 Ne4 10. O-O g5 11. Nxc6 bxc6 12. Bg3 g4 13. Ne5 Nxg3 14. fxg3 Bh6
15. Nxc6 Bxe3+ 16. Kh1 Qd6 17. Nb4 h5 18. Nc2 Bxc2 19. Qxc2 h4 20. Qd3 hxg3 21.
Qb5+ c6 22. Qd3 Qf4 23. Rxf4 Bxf4 24. Rf1 Rxh2+ 25. Kg1 Ke7 26. Rxf4 Rah8 0-1

[Event "Challenge"]
[Site "http://www.queenalice.com/game.php?id=1817691"]
[Date "2023.7.31"]
[Round "-"]
[White "IsaqueFull"]
[Black "AdilsonGomes"]
[Result "0-1"]
[WhiteElo "1268"]
[BlackElo "1638"]

1. e4 b6 2. d4 Bb7 3. Nc3 e6 4. e5 Ne7 5. Bg5 h6 6. Bxe7 Bxe7 7. Qh5 Nc6 8.
O-O-O Bg5+ 9. Kb1 O-O 10. d5 exd5 11. Nxd5 Nxe5 12. Nf6+ Qxf6 13. Nf3 Nxf3 14.
gxf3 a5 15. Bd3 Bxf3 16. Qh3 Bxh1 0-1

[Event "Let's Play Chess!"]
[Site "http://www.queenalice.com/game.php?id=1818232"]
[Date "2023.8.8"]
[Round "-"]
[White "IsaqueFull"]
[Black "igor12345"]
[Result "0-1"]
[WhiteElo "1349"]
[BlackElo "1974"]

1. e4 c5 2. Nf3 d6 3. d4 cxd4 4. Nxd4 Nf6 5. Bc4 Nc6 6. Bf4 Nxd4 7. Qxd4 e5 8.
Bb5+ Bd7 9. Qc4 exf4 10. O-O a6 11. Ba4 Rc8 12. Qd3 Bxa4 13. Re1 Bxc2 14. Qxc2
Rxc2 15. e5 dxe5 16. Rxe5+ Be7 17. Na3 Rd2 18. h3 O-O 0-1

[Event "Challenge"]
[Site "http://www.queenalice.com/game.php?id=1818297"]
[Date "2023.8.8"]
[Round "-"]
[White "IsaqueFull"]
[Black "Scar"]
[Result "1-0"]
[WhiteElo "1349"]
[BlackElo "1797"]

1. e4 e5 2. Bc4 Nf6 3. Nc3 c6 4. Qf3 b5 5. Bb3 a5 6. a4 b4 7. Nd1 d5 8. d3 d4 9.
Bg5 Be7 10. Bxf6 Bxf6 11. c3 bxc3 12. bxc3 dxc3 13. Nxc3 O-O 14. Rd1 h5 15. Qxh5
Be6 16. Bxe6 fxe6 17. d4 exd4 18. e5 Be7 19. Ne4 c5 20. Nf3 Nd7 21. Nfg5 Bxg5
22. Nxg5 Qxg5 23. Qxg5 Rf5 24. Qg6 Rxe5+ 25. Kf1 Rf8 26. g3 Nf6 27. Re1 Rxe1+
28. Kxe1 c4 29. Ke2 d3+ 30. Kd2 e5 31. h4 e4 32. h5 Nh7 33. h6 Rf7 34. Rc1 Nf8
35. Qg4 Rxf2+ 36. Kc3 g6 37. Qxe4 d2 38. Rd1 Nd7 39. Qd4 Rf7 40. Rxd2 Rf3+ 41.
Kc2 1-0

[Event "Challenge"]
[Site "http://www.queenalice.com/game.php?id=1818298"]
[Date "2023.8.8"]
[Round "-"]
[White "Scar"]
[Black "IsaqueFull"]
[Result "1-0"]
[WhiteElo "1770"]
[BlackElo "1349"]

1. e4 c5 2. c3 e5 3. Nf3 Nc6 4. Be2 d5 5. exd5 Na5 6. b4 cxb4 7. cxb4 Nc4 8.
Bxc4 e4 9. Ng1 Bxb4 10. Qa4+ Bd7 11. Qxb4 a5 12. Qc3 Nf6 13. Qe5+ Kf8 14. Ba3+
Kg8 15. d6 Ng4 16. Qxe4 Qf6 17. f3 Ne5 18. f4 Ng4 19. Qxb7 Re8+ 20. Ne2 Qxa1 21.
O-O Bc8 22. Qf3 h5 23. Qb3 Qf6 24. h3 Nh6 25. Nbc3 g5 26. g3 Be6 27. Ne4 Qf5 28.
Nf2 Kg7 29. Nd4 Qf6 30. Ne4 Qxd4+ 31. Nf2 Bxc4 32. Qb1 Bxf1 33. Bb2 Rb8 34.
Bxd4+ f6 35. Qxf1 Rb7 36. Qa6 Rhb8 37. Qxa5 Rb5 38. Qc3 Kg6 39. Bxf6 R5b6 40.
fxg5 Nf5 41. Qd3 Rxd6 42. Qc3 h4 43. gxh4 Nxh4 44. Be5 Rb1+ 45. Kh2 Re6 46. Qd3+
Nf5 47. Qxb1 Rxe5 48. h4 Kh5 49. Qd1+ Kg6 50. Ng4 Re4 51. d3 Ne3 52. Nxe3 Rxh4+
53. Kg3 Ra4 54. d4 Ra3 55. Kf4 Rxa2 56. Qb1+ 1-0

[Event "Challenge"]
[Site "http://www.queenalice.com/game.php?id=1820285"]
[Date "2023.9.4"]
[Round "-"]
[White "Scar"]
[Black "IsaqueFull"]
[Result "1-0"]
[WhiteElo "1763"]
[BlackElo "1349"]

1. e4 f6 2. d4 e5 3. d5 d6 4. Bd3 g6 5. Nc3 f5 6. Nf3 Nf6 7. h4 c6 8. Bd2 fxe4
9. Bxe4 Nxe4 10. Nxe4 cxd5 11. Nc3 Bg4 12. Nxd5 e4 13. Ne3 Bh5 14. g4 exf3 15.
gxh5 Qf6 16. hxg6 hxg6 17. Bc3 1-0

[Event "Challenge"]
[Site "http://www.queenalice.com/game.php?id=1820286"]
[Date "2023.9.4"]
[Round "-"]
[White "IsaqueFull"]
[Black "Scar"]
[Result "0-1"]
[WhiteElo "1349"]
[BlackElo "1739"]

1. e4 e5 2. Nf3 d6 3. Bc4 h6 4. d4 f6 5. O-O Qe7 6. Nc3 Bd7 7. d5 c6 8. Re1 b5
9. Bb3 a5 10. a4 b4 11. Ne2 c5 12. Nh4 Qf7 13. Nf5 Bxf5 14. exf5 Qc7 15. c3 c4
16. Bc2 b3 17. Be4 Na6 18. f4 Ne7 19. fxe5 fxe5 20. Rf1 Nc5 21. Ng3 Qd7 22. f6
gxf6 23. Rxf6 Bg7 24. Rf2 Rf8 25. Rxf8+ Bxf8 26. Qh5+ Kd8 27. Bxh6 Bxh6 28. Qxh6
Kc7 29. Nh5 Nxe4 30. Nf6 Nxf6 31. Qxf6 Nxd5 32. Qf3 Qe6 33. Rd1 Kc6 0-1

[Event "Let's Play Chess!"]
[Site "http://www.queenalice.com/game.php?id=1826606"]
[Date "2023.12.6"]
[Round "-"]
[White "IsaqueFull"]
[Black "igor12345"]
[Result "0-1"]
[WhiteElo "1432"]
[BlackElo "1986"]

1. e4 c5 2. Bc4 d6 3. Nc3 Nf6 4. d4 cxd4 5. Qxd4 Nc6 6. Qe3 h6 7. Nd5 e6 8.
Nxf6+ Qxf6 9. Nf3 Be7 10. O-O O-O 11. e5 dxe5 12. b3 Na5 13. Nxe5 Nxc4 14. Nxc4
Qxa1 15. Bb2 Qxa2 16. Qe5 Bf6 17. Qd6 Bxb2 18. Ne5 Bxe5 19. Qxe5 Qxc2 20. h3 Qc6
21. Re1 b6 22. Re3 f6 23. Qd4 Bb7 24. f3 Qc5 25. Qe4 Bxe4 0-1

[Event "Challenge"]
[Site "http://www.queenalice.com/game.php?id=1826699"]
[Date "2023.12.7"]
[Round "-"]
[White "IsaqueFull"]
[Black "doudourov"]
[Result "1-0"]
[WhiteElo "1431"]
[BlackElo "1064"]

1. e4 Nf6 2. Nc3 Nc6 3. Nf3 e6 4. e5 Nd5 5. Nxd5 exd5 6. d4 a6 7. Bg5 Be7 8.
Bxe7 Qxe7 9. Qe2 Qb4+ 10. c3 Qc4 11. Qe3 O-O 12. Bxc4 dxc4 13. Nh4 Re8 14. Nf5
f6 15. Qg3 g6 16. Nh6+ Kf8 17. O-O Na5 18. Qf3 Kg7 19. Qf4 g5 20. Qxf6# 1-0

[Event "Challenge"]
[Site "http://www.queenalice.com/game.php?id=1826702"]
[Date "2023.12.8"]
[Round "-"]
[White "Scar"]
[Black "IsaqueFull"]
[Result "1-0"]
[WhiteElo "1742"]
[BlackElo "1398"]

1. e4 e5 2. Nf3 Nc6 3. d4 exd4 4. Nxd4 Nf6 5. Nxc6 bxc6 6. e5 Nd5 7. c4 Nb4 8.
a3 Na6 9. b4 Qe7 10. Bb2 d6 11. Qe2 d5 12. c5 g6 13. f4 Bg7 14. g4 Qh4+ 15. Kd2
Bxg4 16. Qe3 O-O 17. h3 Bf5 18. Nc3 Rad8 19. Ne2 d4 20. Bxd4 Rfe8 21. Bg2 f6 22.
Bxc6 Re6 23. Bb5 fxe5 24. fxe5 Rde8 25. Bxe8 Rxe8 26. Kc3 Be4 27. Rhf1 Bxe5 28.
Rf2 Rf8 29. Bxe5 Rxf2 30. Kb2 Bf3 31. Qb3+ Kf8 32. Re1 Bxe2 33. Qe3 Bf3+ 34. Kb3
Bc6 35. Bg3 Bd5+ 36. Ka4 Nxc5+ 37. Qxc5+ Kg7 38. Bxh4 Rd2 39. Qe7+ 1-0

[Event "Challenge"]
[Site "http://www.queenalice.com/game.php?id=1826703"]
[Date "2023.12.8"]
[Round "-"]
[White "IsaqueFull"]
[Black "Scar"]
[Result "1-0"]
[WhiteElo "1348"]
[BlackElo "1742"]

1. e4 e5 2. Nf3 d6 3. Bc4 Nf6 4. Nc3 c6 5. Bb3 Nbd7 6. d4 Be7 7. O-O b5 8. d5
cxd5 9. Re1 a6 10. Nxd5 Nxd5 11. Bxd5 h6 12. Bxa8 Nc5 13. b4 Bg4 14. Bc6+ Nd7
15. Bxd7+ Bxd7 16. a4 g5 17. h3 g4 18. hxg4 Bxg4 19. axb5 axb5 20. Qd5 Qd7 21.
Be3 Be6 22. Qa8+ Bd8 23. Bb6 Ke7 24. Ra7 Bxb6 25. Rxd7+ Bxd7 26. Qxh8 Be6 27.
Qb8 Bd8 28. Rd1 d5 29. Nxe5 Kf6 30. Qxd8+ Kg7 31. exd5 Bf5 32. d6 f6 33. Qe7+
Kg8 34. Nd7 Bxd7 35. Qxd7 1-0

[Event "Challenge"]
[Site "http://www.queenalice.com/game.php?id=1827119"]
[Date "2023.12.13"]
[Round "-"]
[White "Scar"]
[Black "IsaqueFull"]
[Result "0-1"]
[WhiteElo "1747"]
[BlackElo "1391"]

1. e4 c5 2. c3 e5 3. Nf3 Nc6 4. d3 g6 5. Be2 Nf6 6. Be3 b6 7. a3 Bg7 8. c4 O-O
9. O-O d6 10. Nc3 Nd4 11. Bxd4 cxd4 12. Nd5 Nxd5 13. cxd5 g5 14. h3 g4 15. hxg4
Bxg4 16. Nh2 Bxe2 17. Qxe2 f5 18. b4 f4 19. f3 Rf6 20. Kf2 Rg6 21. Ke1 Qh4+ 22.
g3 fxg3 23. Ng4 g2+ 24. Kd2 gxf1=N+ 25. Rxf1 Bh6+ 26. Kd1 Rf8 27. Nh2 Qh3 28.
Rh1 Rg2 29. Qf1 Bf4 30. Ng4 Bh2 31. Nh6+ Kg7 32. Nf5+ Kh8 33. Rxh2 Qxh2 0-1

[Event "Challenge"]
[Site "http://www.queenalice.com/game.php?id=1827120"]
[Date "2023.12.13"]
[Round "-"]
[White "IsaqueFull"]
[Black "Scar"]
[Result "0-1"]
[WhiteElo "1395"]
[BlackElo "1727"]

1. e4 e5 2. Nc3 c6 3. Bc4 Nf6 4. Nf3 d6 5. d4 Nbd7 6. Ng5 d5 7. exd5 cxd5 8.
Nxd5 b5 9. Bxb5 Nxd5 10. Qf3 f6 11. Ne6 Qa5+ 12. Kf1 Qxb5+ 13. Kg1 Qb6 14. Qg4
Rg8 15. Be3 Qxb2 16. Qd1 Bb4 17. a3 Bxa3 18. c4 Nc3 19. Qc1 Ne2+ 0-1